Organic, inorganic, and hybrid solar cells : (Record no. 355308)

000 -LEADER
fixed length control field 01977cam a2200349 a 4500
001 - CONTROL NUMBER
control field 17223443
003 - CONTROL NUMBER IDENTIFIER
control field Nust- CAS-E
005 - DATE AND TIME OF LATEST TRANSACTION
control field 20180118181357.0
008 - FIXED-LENGTH DATA ELEMENTS--GENERAL INFORMATION
fixed length control field 120323s2012 njua b 000 0 eng
010 ## - LIBRARY OF CONGRESS CONTROL NUMBER
LC control number 2012005089
020 ## - INTERNATIONAL STANDARD BOOK NUMBER
International Standard Book Number 9781118168530
020 ## - INTERNATIONAL STANDARD BOOK NUMBER
International Standard Book Number 1118168534
040 ## - CATALOGING SOURCE
Original cataloging agency DLC
Transcribing agency DLC
Modifying agency DLC
042 ## - AUTHENTICATION CODE
Authentication code pcc
050 00 - LIBRARY OF CONGRESS CALL NUMBER
Classification number TK8322
Item number .O735 2012
082 00 - DEWEY DECIMAL CLASSIFICATION NUMBER
Classification number 621.31244
Edition number 23
Author Mark ORG 2012
084 ## - OTHER CLASSIFICATION NUMBER
Classification number TEC031000
Number source bisacsh
245 00 - TITLE STATEMENT
Title Organic, inorganic, and hybrid solar cells :
Remainder of title principles and practice /
Statement of responsibility, etc. Ching-Fuh Li ... [et al.].
260 ## - PUBLICATION, DISTRIBUTION, ETC.
Place of publication, distribution, etc. Hoboken, NJ :
Name of publisher, distributor, etc. Wiley,
Date of publication, distribution, etc. c2012.
300 ## - PHYSICAL DESCRIPTION
Extent xviii, 260 p. :
Other physical details ill. ;
Dimensions 25 cm.
504 ## - BIBLIOGRAPHY, ETC. NOTE
Bibliography, etc. note Includes bibliographical references.
520 ## - SUMMARY, ETC.
Summary, etc. "Many books discuss inorganic semiconductor solar cells and some books for organic solar cells, but very few books deal with the composite solar cells that use both organic materials and inorganic semiconductors. The authors view organic and inorganic composite thin-film solar cells as the most promising photovoltaic technology for future energy solutions. Focusing on all aspects of realizing low-cost and long life solar cells, the text covers inorganic, organic, and hybrid materials. This unique guide provides an unparalleled description of the functioning principles and fabrication techniques of organic-inorganic composite solar cells"--
520 ## - SUMMARY, ETC.
Summary, etc. "This book will give a detailed description on the organic-inorganic composite solar cells, from the basic principles to practical devices"--
650 #0 - SUBJECT ADDED ENTRY--TOPICAL TERM
Topical term or geographic name entry element Solar cells
General subdivision Materials.
650 #0 - SUBJECT ADDED ENTRY--TOPICAL TERM
Topical term or geographic name entry element Thin films.
650 #0 - SUBJECT ADDED ENTRY--TOPICAL TERM
Topical term or geographic name entry element Solar cells
General subdivision Design and construction.
650 #7 - SUBJECT ADDED ENTRY--TOPICAL TERM
Topical term or geographic name entry element TECHNOLOGY & ENGINEERING / Power Resources / General.
Source of heading or term bisacsh
700 1# - ADDED ENTRY--PERSONAL NAME
Personal name Lin, Ching-Fuh. Su,Wei-Fang. Wu, Chin I. Cheng I-Chun
906 ## - LOCAL DATA ELEMENT F, LDF (RLIN)
a 7
b cbc
c orignew
d 1
e ecip
f 20
g y-gencatlg
942 ## - ADDED ENTRY ELEMENTS (KOHA)
Source of classification or shelving scheme
Koha item type Book
Holdings
Withdrawn status Lost status Source of classification or shelving scheme Damaged status Not for loan Collection code Permanent Location Current Location Shelving location Date acquired Source of acquisition Cost, normal purchase price Total Checkouts Full call number Barcode Date last seen Date last checked out Price effective from Koha item type Copy number
            US-Pakistan Center for Advanced Studies in Energy (USPCAS-E) US-Pakistan Center for Advanced Studies in Energy (USPCAS-E) General Stacks 04/16/2013 Victoria co 11249.00 1 621.31244 ORG 2012 CAS-E0000183 01/17/2017 09/17/2015 04/15/2014 Book  
            US-Pakistan Center for Advanced Studies in Energy (USPCAS-E) US-Pakistan Center for Advanced Studies in Energy (USPCAS-E)   10/28/2015 Multiline Books 24807.00   621.31244 ORG 2012 CAS-E0000678 10/28/2015   10/28/2015 Book 2
            US-Pakistan Center for Advanced Studies in Energy (USPCAS-E) US-Pakistan Center for Advanced Studies in Energy (USPCAS-E)   10/28/2015 Multiline Books 24807.00   621.31244 ORG 2012 CAS-E0000677 10/28/2015   10/28/2015 Book 3
            US-Pakistan Center for Advanced Studies in Energy (USPCAS-E) US-Pakistan Center for Advanced Studies in Energy (USPCAS-E)   10/28/2015 Multiline Books 24807.00   621.31244 ORG 2012 CAS-E0000676 10/28/2015   10/28/2015 Book 4
© 2023 Central Library, National University of Sciences and Technology. All Rights Reserved.